High School Science Classes - Statistics

General Stats
  • This quiz has been taken 90 times
    87 since last reset
  • The average score is 4 of 11
Answer Stats
Answer % Correct
Biology
96%
Chemistry
92%
Physics
84%
Anatomy
34%
Geology
33%
Astronomy
30%
Earth Science
30%
Environmental Science
30%
Forensic Science
11%
Aquatic Science
5%
Nutrition
1%
No matching quizzes found
Score Distribution
Percent of People with Each Score
Percentile by Number Answered
Your Score History
You have not taken this quiz since the last reset